Statistiken für Stadt zu Land #4

Klicken Sie hier um das Quiz zu spielen!

Allgemein

  • Dieses Quiz wurde 136 mal gespielt
  • Das Durchschnittsergebnis liegt bei 9 aus 16

Antwortstatistiken

Stadtund Land% Korrekt
VancouverKanada
96%
MinneapolisVereinigte Staaten
96%
LinköpingSchweden
87%
SapporoJapan
79%
BariItalien
73%
IsfahanIran
68%
AgraIndien
61%
OuluFinnland
60%
PermRussland
60%
OranAlgerien
45%
CuscoPeru
39%
IaşiRumänien
36%
DenpasarIndonesien
34%
VanTürkei
31%
KanoNigeria
28%
MaracayVenezuela
20%

Verteilung der Resultate

Perzentil nach korrekt beantworteten Fragen

Anzahl Personen mit jedem Resultat

Ihre Resultats-Entwicklung

Sie haben dieses Quiz noch nicht gespielt